[Event "Madrid-ch 2018-2019 - Previa B"]
[Site "Madrid ESP"]
[Date "2019.02.01"]
[Round "1.1"]
[White "Vukotic Jovsic, Dragan"]
[Black "Garcia Pardo, Maria Del Carmen"]
[Result "1/2-1/2"]
[WhiteElo "1925"]
[BlackElo "1631"]
[PlyCount "93"]
[EventDate "2019.02.01"]
[EventType "swiss"]
[EventRounds "9"]
[EventCountry "ESP"]
[SourceTitle "Ajedrez en Madrid"]
[Source "lmi"]
[SourceDate "2019.02.01"]
[SourceVersion "1"]
[SourceVersionDate "2019.02.26"]
[SourceQuality "1"]

1. Nf3 Nf6 2. d4 e6 3. Bf4 d5 4. e3 c5 5. c3 Bd6 6. Bg3 O-O 7. Bd3 Nc6 8. Nbd2
b6 9. Ne5 Bb7 10. f4 c4 11. Bc2 Ne7 12. Bf2 Ne4 13. Nxe4 dxe4 14. Nxc4 Rc8 15.
Nd2 f5 16. Bb3 Qd7 17. Qe2 Kh8 18. h3 Nd5 19. g3 b5 20. a4 a6 21. O-O Rf6 22.
axb5 axb5 23. Ra5 Nc7 24. Rfa1 Bd5 25. Bxd5 exd5 26. Kg2 Rg6 27. Ra7 Qe8 28.
R1a5 Rb8 29. Kh2 Rh6 30. Nb3 b4 31. Nc5 bxc3 32. bxc3 Nb5 33. c4 Nxa7 34. Rxa7
Bxc5 35. dxc5 dxc4 36. Qxc4 Qh5 37. h4 Qf3 38. Qc2 Rc6 39. Qb2 Rg8 40. Be1 Qxe3
41. Bc3 Rg6 42. Bxg7+ R6xg7 43. Rxg7 Rxg7 44. Qb8+ Rg8 45. Qe5+ Rg7 46. Qe8+
Rg8 47. Qe5+ 1/2-1/2

[Event "Madrid-ch 2018-2019 - Previa B"]
[Site "Madrid ESP"]
[Date "2019.02.01"]
[Round "1.2"]
[White "Moreno Uribarri, Miguel"]
[Black "Rojas Pozo, Jose Luis"]
[Result "0-1"]
[WhiteElo "1629"]
[BlackElo "1969"]
[PlyCount "60"]
[EventDate "2019.02.01"]
[EventType "swiss"]
[EventRounds "9"]
[EventCountry "ESP"]
[SourceTitle "Ajedrez en Madrid"]
[Source "lmi"]
[SourceDate "2019.02.01"]
[SourceVersion "1"]
[SourceVersionDate "2019.02.26"]
[SourceQuality "1"]

1. e4 e5 2. Nf3 Nc6 3. Bc4 Bc5 4. b4 Bb6 5. c3 d6 6. a4 a6 7. O-O Nf6 8. d3 O-O
9. Qb3 Qe7 10. Nbd2 Nh5 11. Re1 Bg4 12. h3 Bd7 13. Nf1 Qf6 14. Ne3 Bxe3 15.
Rxe3 Qg6 16. Nh4 Qf6 17. Nf3 h6 18. d4 Qg6 19. Nh4 Qf6 20. Nf3 Nf4 21. Kh1 Nd8
22. Bf1 Nde6 23. g3 Ng6 24. Bg2 Ng5 25. Nxg5 hxg5 26. Rf3 Qe7 27. Qc4 g4 28.
hxg4 Bxg4 29. Rd3 Be2 30. d5 b5 0-1

[Event "Madrid-ch 2018-2019 - Previa B"]
[Site "Madrid ESP"]
[Date "2019.02.01"]
[Round "1.3"]
[White "Pajuelo Morales, Raul"]
[Black "Moratalla Garcia, Joaquin"]
[Result "1-0"]
[WhiteElo "1914"]
[BlackElo "1603"]
[PlyCount "97"]
[EventDate "2019.02.01"]
[EventType "swiss"]
[EventRounds "9"]
[EventCountry "ESP"]
[SourceTitle "Ajedrez en Madrid"]
[Source "lmi"]
[SourceDate "2019.02.01"]
[SourceVersion "1"]
[SourceVersionDate "2019.02.26"]
[SourceQuality "1"]

1. d4 Nf6 2. c4 e6 3. g3 d5 4. Nf3 Bb4+ 5. Bd2 Be7 6. Bg2 O-O 7. Qc2 c6 8. O-O
Nbd7 9. Rd1 b6 10. Nc3 Bb7 11. e4 dxe4 12. Ng5 Re8 13. Ngxe4 Qc8 14. Bf4 Nxe4
15. Nxe4 Nf6 16. Nd6 Bxd6 17. Bxd6 Qd7 18. Bf4 Rac8 19. Rd2 Qe7 20. Re1 Nh5 21.
Be3 Nf6 22. Rdd1 h6 23. a3 Ng4 24. Bf4 Nf6 25. Qa4 Ba8 26. b4 Red8 27. Bc1 Qc7
28. Bf4 Qe7 29. c5 b5 30. Qc2 Qd7 31. h3 Nd5 32. Bd6 Bb7 33. Bxd5 cxd5 34. Qe2
Qc6 35. g4 Rxd6 36. cxd6 Qxd6 37. Rc1 Rc4 38. Qe3 Qd8 39. Rcd1 Qe7 40. Rd3 Qd8
41. Qe5 a5 42. bxa5 Qxa5 43. Rb1 Ba6 44. Rg3 Qd2 45. Rb4 Rxb4 46. axb4 Qxb4 47.
g5 Qb1+ 48. Kh2 Qc1 49. g6 1-0

[Event "Madrid-ch 2018-2019 - Previa B"]
[Site "Madrid ESP"]
[Date "2019.02.01"]
[Round "1.4"]
[White "Lopez Guitian, Juan J"]
[Black "Baeza Escudero, Javier"]
[Result "1-0"]
[WhiteElo "1562"]
[BlackElo "1895"]
[PlyCount "69"]
[EventDate "2019.02.01"]
[EventType "swiss"]
[EventRounds "9"]
[EventCountry "ESP"]
[SourceTitle "Ajedrez en Madrid"]
[Source "lmi"]
[SourceDate "2019.02.01"]
[SourceVersion "1"]
[SourceVersionDate "2019.02.26"]
[SourceQuality "1"]

1. e4 e6 2. d4 d5 3. Nc3 Nf6 4. e5 Nfd7 5. f4 c5 6. Nf3 Nc6 7. Be3 Qb6 8. Na4
Qa5+ 9. c3 cxd4 10. b4 Qc7 11. Nxd4 Be7 12. Bd3 Nxd4 13. Bxd4 b6 14. Qg4 g6 15.
h4 a5 16. b5 Nc5 17. Bc2 Bd7 18. Rb1 Nxa4 19. Bxa4 Qc4 20. Qd1 Qxa2 21. Bc2 Qc4
22. Bd3 Qc7 23. Qf3 Bc5 24. O-O a4 25. h5 a3 26. Rf2 Ra4 27. Ra2 Bxd4+ 28. cxd4
Qc3 29. Bc2 Qxd4+ 30. Kh1 Ra5 31. Rxa3 Rxa3 32. Qxa3 Qxf4 33. Qa8+ Ke7 34. Qxh8
Bxb5 35. Qf6+ 1-0

[Event "Madrid-ch 2018-2019 - Previa B"]
[Site "Madrid ESP"]
[Date "2019.02.01"]
[Round "1.5"]
[White "Martin Arbeloa, Fernando"]
[Black "Alameda Arellano, Cristeto"]
[Result "1/2-1/2"]
[WhiteElo "1913"]
[BlackElo "1564"]
[PlyCount "135"]
[EventDate "2019.02.01"]
[EventType "swiss"]
[EventRounds "9"]
[EventCountry "ESP"]
[SourceTitle "Ajedrez en Madrid"]
[Source "lmi"]
[SourceDate "2019.02.01"]
[SourceVersion "1"]
[SourceVersionDate "2019.02.26"]
[SourceQuality "1"]

1. d4 d5 2. c4 c6 3. cxd5 cxd5 4. Bf4 Nf6 5. Nc3 e6 6. e3 a6 7. Bd3 Nc6 8. Rc1
b5 9. h3 Bb7 10. Nf3 Be7 11. O-O O-O 12. Qe2 Qb6 13. Bb1 Rac8 14. Nd2 Na5 15.
Bg5 Nc4 16. Nf3 Nd6 17. Ne5 Rc7 18. Qd3 Nde4 19. Bh4 Rfc8 20. Ne2 g6 21. f3 Nd6
22. Bg3 a5 23. Rxc7 Rxc7 24. Nc3 Ba6 25. Qd1 Nc4 26. Nxc4 Rxc4 27. Bd3 Rc8 28.
Qe2 a4 29. Nxa4 Qa5 30. b3 Rc6 31. Be1 Qc7 32. Nb2 Ba3 33. Nd1 Nd7 34. Nf2 e5
35. Nh1 exd4 36. exd4 Qb6 37. Bf2 Re6 38. Qc2 Rc6 39. Qd2 Nf8 40. Re1 Ne6 41.
Bb1 Qc7 42. Bg3 Qe7 43. Qf2 Qa7 44. Be5 Qb7 45. Kh2 Qc8 46. Ng3 Rc1 47. Rxc1
Qxc1 48. Qc2 Qxc2 49. Bxc2 Bb2 50. Ne2 Kf8 51. Bd6+ Ke8 52. b4 Nxd4 53. Nxd4
Bxd4 54. Bb3 Kd7 55. Bf8 Kc6 56. Kg3 Bc8 57. a4 Be6 58. a5 Bc3 59. Kf2 d4 60.
Bxe6 fxe6 61. Ke2 e5 62. Kd3 h5 63. g4 Be1 64. Ke4 h4 65. Bc5 Bg3 66. a6 Bf4
67. Kd3 Be3 68. Ke4 1/2-1/2

[Event "Madrid-ch 2018-2019 - Previa B"]
[Site "Madrid ESP"]
[Date "2019.02.01"]
[Round "1.6"]
[White "Palacios Sanchez, Victor"]
[Black "Marin Aso, Jose Luis"]
[Result "0-1"]
[WhiteElo "1537"]
[BlackElo "1915"]
[PlyCount "26"]
[EventDate "2019.02.01"]
[EventType "swiss"]
[EventRounds "9"]
[EventCountry "ESP"]
[SourceTitle "Ajedrez en Madrid"]
[Source "lmi"]
[SourceDate "2019.02.01"]
[SourceVersion "1"]
[SourceVersionDate "2019.02.26"]
[SourceQuality "1"]

1. d4 Nf6 2. c4 g6 3. g3 Bg7 4. Nf3 O-O 5. Bg2 d6 6. O-O c6 7. Nc3 Qa5 8. Qc2
Qh5 9. Rd1 Bh3 10. Bh1 Nbd7 11. Ng5 Ng4 12. f3 Nxh2 13. Kxh2 Bf5+ 0-1

[Event "Madrid-ch 2018-2019 - Previa B"]
[Site "Madrid ESP"]
[Date "2019.02.01"]
[Round "1.8"]
[White "Fariñas Lucas, Juan Antonio"]
[Black "Martin Hernandez, Vicente"]
[Result "0-1"]
[WhiteElo "1479"]
[BlackElo "1892"]
[PlyCount "98"]
[EventDate "2019.02.01"]
[EventType "swiss"]
[EventRounds "9"]
[EventCountry "ESP"]
[SourceTitle "Ajedrez en Madrid"]
[Source "lmi"]
[SourceDate "2019.02.01"]
[SourceVersion "1"]
[SourceVersionDate "2019.02.26"]
[SourceQuality "1"]

1. e4 c5 2. Nf3 d6 3. d4 cxd4 4. Nxd4 Nf6 5. Nc3 a6 6. Be2 e5 7. Nb3 Be7 8. O-O
O-O 9. Be3 Be6 10. Bf3 Nbd7 11. Qe2 b5 12. Nd5 Rc8 13. Rfd1 Ne8 14. g3 f5 15.
exf5 Bxf5 16. Rd2 Nef6 17. c3 Ne4 18. Bxe4 Bxe4 19. Rad1 Bf3 20. Nxe7+ Qxe7 21.
Qd3 Bxd1 22. Rxd1 Nc5 23. Qxd6 Qxd6 24. Rxd6 Nxb3 25. axb3 Rf6 26. Rd5 Re6 27.
b4 Rcc6 28. Bc5 Kf7 29. Kf1 Re8 30. Rd7+ Kf6 31. Ke2 h5 32. Ke3 g6 33. Ke4 Rce6
34. b3 Rb8 35. Rd6 Rxd6 36. Bxd6 Re8 37. h4 Re6 38. Bc5 g5 39. hxg5+ Kxg5 40.
f3 Re8 41. Be3+ Kf6 42. g4 h4 43. Bg1 Rc8 44. Bh2 Kg5 45. Bxe5 Re8 46. f4+ Kxg4
47. Ke3 Kg3 48. Kd4 h3 49. f5+ Rxe5 0-1

[Event "Madrid-ch 2018-2019 - Previa B"]
[Site "Madrid ESP"]
[Date "2019.02.01"]
[Round "1.9"]
[White "Garcia Serrano, Jose Manuel"]
[Black "Martinez Munoz, Rafael"]
[Result "1-0"]
[WhiteElo "1880"]
[BlackElo "1401"]
[PlyCount "79"]
[EventDate "2019.02.01"]
[EventType "swiss"]
[EventRounds "9"]
[EventCountry "ESP"]
[SourceTitle "Ajedrez en Madrid"]
[Source "lmi"]
[SourceDate "2019.02.01"]
[SourceVersion "1"]
[SourceVersionDate "2019.02.26"]
[SourceQuality "1"]

1. e4 e6 2. d4 d5 3. Nc3 Nf6 4. Bg5 Be7 5. e5 Nfd7 6. h4 Nc6 7. Nf3 b6 8. Qd2
Bb7 9. O-O-O Na5 10. Nb5 f6 11. Bf4 a6 12. Nxc7+ Qxc7 13. exf6 Bd6 14. fxg7 Rg8
15. Bh6 O-O-O 16. Qg5 Kb8 17. Bd3 e5 18. Bxh7 Rc8 19. Ne1 Qc4 20. Kb1 Qb5 21.
Bxg8 Nc4 22. Qc1 Rxg8 23. Rh3 Bb4 24. Rb3 Qa5 25. Nd3 Nd2+ 26. Bxd2 Bxd2 27.
Qxd2 Qxd2 28. Rxd2 exd4 29. Nf4 Rxg7 30. Rg3 Rf7 31. Ne6 Re7 32. Re2 Nc5 33.
Rg8+ Ka7 34. Nxd4 Rxe2 35. Nxe2 Ne4 36. f3 Nf6 37. Rg6 Ne8 38. h5 Bc8 39. g4
Kb7 40. h6 1-0

[Event "Madrid-ch 2018-2019 - Previa B"]
[Site "Madrid ESP"]
[Date "2019.02.01"]
[Round "1.11"]
[White "Largo Barbero, Benito"]
[Black "Martin Rodriguez, Jose Luis"]
[Result "1-0"]
[WhiteElo "1876"]
[BlackElo "1284"]
[PlyCount "35"]
[EventDate "2019.02.01"]
[EventType "swiss"]
[EventRounds "9"]
[EventCountry "ESP"]
[SourceTitle "Ajedrez en Madrid"]
[Source "lmi"]
[SourceDate "2019.02.01"]
[SourceVersion "1"]
[SourceVersionDate "2019.02.26"]
[SourceQuality "1"]

1. d4 Nf6 2. Bf4 e6 3. e3 Nc6 4. Nd2 d5 5. Ngf3 Nh5 6. Bg5 Be7 7. h4 h6 8. Bxe7
Qxe7 9. c3 Nf6 10. Bd3 Bd7 11. Qe2 a6 12. Ne5 O-O 13. g4 Ne8 14. g5 Nxe5 15.
dxe5 hxg5 16. Bh7+ Kh8 17. Qh5 Nf6 18. exf6 1-0

[Event "Madrid-ch 2018-2019 - Previa B"]
[Site "Madrid ESP"]
[Date "2019.02.01"]
[Round "1.12"]
[White "Rojas Fernandez, Antonio"]
[Black "Vicente Sastre, Diego"]
[Result "0-1"]
[WhiteElo "1316"]
[BlackElo "1879"]
[PlyCount "56"]
[EventDate "2019.02.01"]
[EventType "swiss"]
[EventRounds "9"]
[EventCountry "ESP"]
[SourceTitle "Ajedrez en Madrid"]
[Source "lmi"]
[SourceDate "2019.02.01"]
[SourceVersion "1"]
[SourceVersionDate "2019.02.26"]
[SourceQuality "1"]

1. e4 c5 2. Nf3 e6 3. d4 cxd4 4. Nxd4 a6 5. Nc3 Qc7 6. f3 Nf6 7. Be2 Bb4 8. Bd2
Nc6 9. Nxc6 bxc6 10. O-O Bc5+ 11. Kh1 d5 12. exd5 cxd5 13. Bd3 O-O 14. Qe2 Bb7
15. Rae1 Rfe8 16. Qe5 Bd6 17. Qe2 Bxh2 18. f4 Bg3 19. Rd1 e5 20. Qf3 Bxf4 21.
Bxf4 exf4 22. Qxf4 Re5 23. Be2 Qe7 24. Qd4 Ne4 25. Qd3 Nxc3 26. bxc3 Rxe2 27.
Rf3 d4 28. Rh3 Bxg2+ 0-1

[Event "Madrid-ch 2018-2019 - Previa B"]
[Site "Madrid ESP"]
[Date "2019.02.02"]
[Round "2.1"]
[White "Rojas Pozo, Jose Luis"]
[Black "Largo Barbero, Benito"]
[Result "1/2-1/2"]
[WhiteElo "1969"]
[BlackElo "1876"]
[PlyCount "48"]
[EventDate "2019.02.01"]
[EventType "swiss"]
[EventRounds "9"]
[EventCountry "ESP"]
[SourceTitle "Ajedrez en Madrid"]
[Source "lmi"]
[SourceDate "2019.02.01"]
[SourceVersion "1"]
[SourceVersionDate "2019.02.26"]
[SourceQuality "1"]

1. d4 Nf6 2. c4 g6 3. Nc3 Bg7 4. g3 O-O 5. Bg2 d6 6. Nf3 c6 7. h3 Nbd7 8. O-O
e5 9. e4 Qe8 10. Re1 Qe7 11. b3 Nh5 12. Ba3 Rd8 13. Rc1 f6 14. dxe5 Nxe5 15.
Nd4 Bh6 16. Rc2 Qc7 17. Bc1 Bxc1 18. Rxc1 Qf7 19. Kh2 g5 20. Nf3 Qg6 21. c5 Nf7
22. cxd6 Rxd6 23. Qe2 g4 24. hxg4 Bxg4 1/2-1/2

[Event "Madrid-ch 2018-2019 - Previa B"]
[Site "Madrid ESP"]
[Date "2019.02.02"]
[Round "2.2"]
[White "Marin Aso, Jose Luis"]
[Black "Berrocal Exposito, Fernando"]
[Result "0-1"]
[WhiteElo "1915"]
[BlackElo "1796"]
[PlyCount "51"]
[EventDate "2019.02.01"]
[EventType "swiss"]
[EventRounds "9"]
[EventCountry "ESP"]
[SourceTitle "Ajedrez en Madrid"]
[Source "lmi"]
[SourceDate "2019.02.01"]
[SourceVersion "1"]
[SourceVersionDate "2019.02.26"]
[SourceQuality "1"]

1. c4 g6 2. Nc3 Bg7 3. g3 d6 4. Bg2 Nd7 5. d3 c6 6. Rb1 Ngf6 7. Nf3 O-O 8. O-O
Nb6 9. b4 d5 10. c5 Nbd7 11. d4 Re8 12. b5 e5 13. bxc6 bxc6 14. Qa4 Ne4 15.
Nxe4 dxe4 16. Nxe5 Nxe5 17. dxe5 Bf5 18. Bxe4 Bxe4 19. Qxe4 Rxe5 20. Qxc6 Rxe2
21. Be3 Rxa2 22. Rfd1 Qe8 23. Qd5 Ra6 24. Rb7 Re6 25. Rd7 Re5 26. Qb7 0-1

[Event "Madrid-ch 2018-2019 - Previa B"]
[Site "Madrid ESP"]
[Date "2019.02.02"]
[Round "2.3"]
[White "Ortega Morales, Pedro"]
[Black "Pajuelo Morales, Raul"]
[Result "0-1"]
[WhiteElo "1737"]
[BlackElo "1914"]
[PlyCount "89"]
[EventDate "2019.02.01"]
[EventType "swiss"]
[EventRounds "9"]
[EventCountry "ESP"]
[SourceTitle "Ajedrez en Madrid"]
[Source "lmi"]
[SourceDate "2019.02.01"]
[SourceVersion "1"]
[SourceVersionDate "2019.02.26"]
[SourceQuality "1"]

1. d4 Nf6 2. Bf4 g6 3. e3 Bg7 4. Nf3 O-O 5. Be2 d6 6. O-O Nh5 7. Bg5 h6 8. Bh4
g5 9. Ne1 Nf6 10. Bg3 Ne4 11. Nd2 Nxg3 12. fxg3 c5 13. c3 Nd7 14. a4 cxd4 15.
exd4 e5 16. Nc2 Qe7 17. Bf3 f5 18. Bd5+ Kh8 19. Qe1 Nf6 20. Bb3 Bd7 21. dxe5
dxe5 22. Kh1 Rae8 23. Ne3 Nh5 24. Nd5 Qc5 25. Qf2 Qxf2 26. Rxf2 e4 27. Re1 Bc6
28. Re3 Re5 29. c4 Ree8 30. Rf1 Bxb2 31. Bd1 Ng7 32. Re2 h5 33. Nb3 Be5 34. Na5
Bd6 35. Nxc6 bxc6 36. Ne3 Bc5 37. Nc2 Kh7 38. Na1 Bd4 39. Nb3 c5 40. Bc2 Ne6
41. h3 g4 42. Na5 Nd8 43. Rb1 Re7 44. Rf1 Rff7 45. Rd1 0-1

[Event "Madrid-ch 2018-2019 - Previa B"]
[Site "Madrid ESP"]
[Date "2019.02.02"]
[Round "2.5"]
[White "Martin Hernandez, Vicente"]
[Black "Perdiguero Herreros, Alejandro"]
[Result "1-0"]
[WhiteElo "1892"]
[BlackElo "1663"]
[PlyCount "47"]
[EventDate "2019.02.01"]
[EventType "swiss"]
[EventRounds "9"]
[EventCountry "ESP"]
[SourceTitle "Ajedrez en Madrid"]
[Source "lmi"]
[SourceDate "2019.02.01"]
[SourceVersion "1"]
[SourceVersionDate "2019.02.26"]
[SourceQuality "1"]

1. d4 d5 2. c4 e6 3. Nc3 Nf6 4. Bg5 Be7 5. e3 b6 6. cxd5 exd5 7. Nf3 Bb7 8. Rc1
O-O 9. Bd3 c5 10. O-O Re8 11. Ne5 Nbd7 12. Bb5 Rf8 13. f4 Nxe5 14. fxe5 Ne4 15.
Bxe7 Qxe7 16. Nxe4 dxe4 17. dxc5 Qxe5 18. Qd4 Qxd4 19. exd4 bxc5 20. dxc5 Rad8
21. c6 Bc8 22. Rfd1 Rxd1+ 23. Rxd1 f5 24. Bc4+ 1-0

[Event "Madrid-ch 2018-2019 - Previa B"]
[Site "Madrid ESP"]
[Date "2019.02.02"]
[Round "2.7"]
[White "Vicente Sastre, Diego"]
[Black "Lopez Guitian, Juan J"]
[Result "1-0"]
[WhiteElo "1879"]
[BlackElo "1562"]
[PlyCount "91"]
[EventDate "2019.02.01"]
[EventType "swiss"]
[EventRounds "9"]
[EventCountry "ESP"]
[SourceTitle "Ajedrez en Madrid"]
[Source "lmi"]
[SourceDate "2019.02.01"]
[SourceVersion "1"]
[SourceVersionDate "2019.02.26"]
[SourceQuality "1"]

1. e4 c6 2. d4 d5 3. exd5 cxd5 4. Bd3 Nc6 5. c3 Nf6 6. Bf4 e6 7. Nf3 Bd6 8. Bg3
O-O 9. O-O Bxg3 10. hxg3 Qc7 11. Re1 Re8 12. Qe2 b6 13. Nbd2 Bb7 14. Ne5 Rad8
15. Ndf3 h6 16. g4 g5 17. Bc2 Qe7 18. Qe3 Nh7 19. Qd3 Nf8 20. Nxc6 Bxc6 21. Ne5
Bd7 22. Re3 f6 23. Nxd7 Qxd7 24. Rh3 Qg7 25. Re1 e5 26. dxe5 fxe5 27. Bb3 Rd6
28. Bxd5+ Kh8 29. Qb5 Red8 30. c4 Ng6 31. Rhe3 Rf8 32. g3 Rdf6 33. R1e2 Rd6 34.
Qb3 Qd7 35. f3 Rd8 36. Be4 Ne7 37. Qc3 Qe6 38. Bf5 Rd1+ 39. Kf2 Nxf5 40. gxf5
Qxf5 41. Rxe5 Rf1+ 42. Kxf1 Qh3+ 43. Kf2 Qh2+ 44. Ke3 Qg1+ 45. Rf2 Kg8 46. Re7
1-0

[Event "Madrid-ch 2018-2019 - Previa B"]
[Site "Madrid ESP"]
[Date "2019.02.02"]
[Round "2.8"]
[White "Alameda Arellano, Cristeto"]
[Black "Vukotic Jovsic, Dragan"]
[Result "0-1"]
[WhiteElo "1564"]
[BlackElo "1925"]
[PlyCount "116"]
[EventDate "2019.02.01"]
[EventType "swiss"]
[EventRounds "9"]
[EventCountry "ESP"]
[SourceTitle "Ajedrez en Madrid"]
[Source "lmi"]
[SourceDate "2019.02.01"]
[SourceVersion "1"]
[SourceVersionDate "2019.02.26"]
[SourceQuality "1"]

1. d4 c5 2. d5 d6 3. Nf3 g6 4. c4 b5 5. cxb5 a6 6. bxa6 Bxa6 7. Nc3 Nd7 8. e4
Bxf1 9. Kxf1 Qb6 10. g3 Bg7 11. Qc2 Ngf6 12. Kg2 O-O 13. h3 Rfb8 14. Nd2 Ne8
15. b3 Qa6 16. a4 Qa5 17. Bb2 Nc7 18. Rab1 Ra7 19. Rhe1 Rab7 20. Nd1 Bxb2 21.
Nxb2 Na6 22. Ndc4 Qc7 23. Nd3 Nb4 24. Nxb4 cxb4 25. Qb2 Nc5 26. Re3 Nxa4 27.
bxa4 Qxc4 28. Qb3 Qc5 29. Re2 Rc8 30. Re3 Ra8 31. Qb2 f6 32. Ra1 Qc4 33. Qb3
Qd4 34. Rd1 Qc5 35. Re2 Qc3 36. Re3 Qxb3 37. Rxb3 Rxa4 38. Rdb1 Kf7 39. f4 Ke8
40. Kf3 Kd7 41. Ke3 Kc7 42. Kd4 Ra3 43. Rc1+ Kd7 44. Rcb1 Ra4 45. g4 Rb5 46. h4
f5 47. exf5 gxf5 48. gxf5 Raa5 49. Rxb4 Rxd5+ 50. Ke4 Rxf5 51. Rb7+ Ke6 52. Kf3
Kf6 53. Re1 Rae5 54. Rxe5 dxe5 55. Rb6+ e6 56. Rb7 h5 57. Rb4 exf4 58. Rxf4 e5
0-1

[Event "Madrid-ch 2018-2019 - Previa B"]
[Site "Madrid ESP"]
[Date "2019.02.02"]
[Round "2.9"]
[White "Garcia Pardo, Maria Del Carmen"]
[Black "Martin Arbeloa, Fernando"]
[Result "0-1"]
[WhiteElo "1631"]
[BlackElo "1913"]
[PlyCount "98"]
[EventDate "2019.02.01"]
[EventType "swiss"]
[EventRounds "9"]
[EventCountry "ESP"]
[SourceTitle "Ajedrez en Madrid"]
[Source "lmi"]
[SourceDate "2019.02.01"]
[SourceVersion "1"]
[SourceVersionDate "2019.02.26"]
[SourceQuality "1"]

1. e4 c5 2. Nf3 d6 3. d4 cxd4 4. Nxd4 Nf6 5. Nc3 a6 6. Be3 e5 7. Nb3 Be6 8. f3
Be7 9. Qd2 O-O 10. O-O-O Nbd7 11. g4 b5 12. g5 b4 13. gxf6 bxc3 14. Qxc3 Nxf6
15. Na5 Rc8 16. Nc6 Qc7 17. Nxe7+ Qxe7 18. Qa5 Rc6 19. Be2 Rfc8 20. Rd2 Qb7 21.
Kb1 Rb8 22. b3 Qb4 23. Qxb4 Rxb4 24. Rhd1 Ne8 25. a3 Rb8 26. f4 Bxb3 27. cxb3
Rxb3+ 28. Rb2 Rxe3 29. Rb8 Kf8 30. Bg4 Ke7 31. fxe5 Rc7 32. Rxe8+ Kxe8 33. exd6
Rcc3 34. d7+ Kd8 35. Rd2 Rb3+ 36. Kc1 Rec3+ 37. Kd1 Rd3 38. a4 Rxd2+ 39. Kxd2
Ra3 40. h4 Rxa4 41. Ke3 Ke7 42. Kf4 Rd4 43. Be2 a5 44. Bb5 Rxd7 45. Bc6 Rd4 46.
Bd5 a4 47. Ke5 Rxd5+ 48. exd5 a3 49. d6+ Kd7 0-1

[Event "Madrid-ch 2018-2019 - Previa B"]
[Site "Madrid ESP"]
[Date "2019.02.02"]
[Round "2.10"]
[White "Baeza Escudero, Javier"]
[Black "Rojas Fernandez, Antonio"]
[Result "1-0"]
[WhiteElo "1895"]
[BlackElo "1316"]
[PlyCount "55"]
[EventDate "2019.02.01"]
[EventType "swiss"]
[EventRounds "9"]
[EventCountry "ESP"]
[SourceTitle "Ajedrez en Madrid"]
[Source "lmi"]
[SourceDate "2019.02.01"]
[SourceVersion "1"]
[SourceVersionDate "2019.02.26"]
[SourceQuality "1"]

1. e4 e5 2. Nf3 Nf6 3. Nc3 Nc6 4. d4 exd4 5. Nxd4 Bb4 6. Nxc6 bxc6 7. Bd3 O-O
8. O-O h6 9. e5 Bxc3 10. bxc3 Nd5 11. c4 Nb6 12. Bb2 Ba6 13. Qg4 Qg5 14. Qe4
Qg6 15. Qd4 Qe6 16. Qe4 Qg6 17. Qxg6 fxg6 18. Bxg6 Nxc4 19. Bc3 Nb6 20. Rfe1
Nd5 21. Ba5 Nf4 22. Be4 Ne6 23. Rad1 Rfd8 24. Bf5 Rac8 25. Rxd7 Rxd7 26. Bxe6+
Kh8 27. Bxd7 Rd8 28. e6 1-0

[Event "Madrid-ch 2018-2019 - Previa B"]
[Site "Madrid ESP"]
[Date "2019.02.02"]
[Round "2.11"]
[White "Martinez Munoz, Rafael"]
[Black "Bartolome Martin, Angel"]
[Result "0-1"]
[WhiteElo "1401"]
[BlackElo "1879"]
[PlyCount "78"]
[EventDate "2019.02.01"]
[EventType "swiss"]
[EventRounds "9"]
[EventCountry "ESP"]
[SourceTitle "Ajedrez en Madrid"]
[Source "lmi"]
[SourceDate "2019.02.01"]
[SourceVersion "1"]
[SourceVersionDate "2019.02.26"]
[SourceQuality "1"]

1. d4 Nf6 2. Bf4 g6 3. e3 Bg7 4. Nd2 d6 5. Ngf3 O-O 6. c4 b6 7. Be2 Bb7 8. O-O
Nbd7 9. b4 Qe8 10. Rb1 Nh5 11. Bg5 h6 12. Bh4 f5 13. Bg3 a5 14. a4 Nxg3 15.
fxg3 Nf6 16. Nh4 e6 17. bxa5 Rxa5 18. Nb3 Rxa4 19. c5 g5 20. cxd6 gxh4 21. dxc7
Ra8 22. Nc5 bxc5 23. Rxb7 hxg3 24. Qb3 gxh2+ 25. Kxh2 Rc8 26. Rb1 Qc6 27. Bf3
Qd6+ 28. Kg1 Ng4 29. Rb8 Rxc7 30. Bxg4 fxg4 31. dxc5 Rxc5 32. Rxf8+ Bxf8 33.
Rd1 Rd5 34. Rxd5 Qxd5 35. Qxd5 exd5 36. Kf2 Bd6 37. Ke2 Kf7 38. Kd3 Bc5 39. e4
d4 0-1

[Event "Madrid-ch 2018-2019 - Previa B"]
[Site "Madrid ESP"]
[Date "2019.02.02"]
[Round "2.12"]
[White "Martin Rodriguez, Jose Luis"]
[Black "Moreno Uribarri, Miguel"]
[Result "0-1"]
[WhiteElo "1284"]
[BlackElo "1629"]
[PlyCount "60"]
[EventDate "2019.02.01"]
[EventType "swiss"]
[EventRounds "9"]
[EventCountry "ESP"]
[SourceTitle "Ajedrez en Madrid"]
[Source "lmi"]
[SourceDate "2019.02.01"]
[SourceVersion "1"]
[SourceVersionDate "2019.02.26"]
[SourceQuality "1"]

1. c4 Nf6 2. Nc3 g6 3. Nf3 Bg7 4. g3 O-O 5. Bg2 d6 6. d4 Nbd7 7. O-O e5 8. dxe5
dxe5 9. Qc2 c6 10. Rd1 Qe7 11. e4 a5 12. a4 Nc5 13. Re1 Rd8 14. Bg5 h6 15. Bxf6
Bxf6 16. Red1 Be6 17. Bf1 Bg4 18. Be2 Ne6 19. Rxd8+ Rxd8 20. Rd1 Bxf3 21. Bxf3
Nd4 22. Qd3 Qb4 23. Bg2 Ne6 24. Qe3 Rxd1+ 25. Nxd1 Qxa4 26. Qc3 Qxd1+ 27. Bf1
b6 28. Kg2 Nc5 29. Qe3 Qd4 30. Qe2 Qxe4+ 0-1

[Event "Madrid-ch 2018-2019 - Previa B"]
[Site "Madrid ESP"]
[Date "2019.02.07"]
[Round "3.1"]
[White "Pajuelo Morales, Raul"]
[Black "Vicente Sastre, Diego"]
[Result "1/2-1/2"]
[WhiteElo "1914"]
[BlackElo "1879"]
[PlyCount "66"]
[EventDate "2019.02.01"]
[EventType "swiss"]
[EventRounds "9"]
[EventCountry "ESP"]
[SourceTitle "Ajedrez en Madrid"]
[Source "lmi"]
[SourceDate "2019.02.01"]
[SourceVersion "1"]
[SourceVersionDate "2019.02.26"]
[SourceQuality "1"]

1. c4 Nf6 2. g3 g6 3. Nc3 Bg7 4. Bg2 O-O 5. Nf3 d6 6. O-O e5 7. d3 Nbd7 8. Rb1
Re8 9. Ne1 c6 10. b4 Nf8 11. b5 Qc7 12. bxc6 bxc6 13. Nb5 Qd7 14. Ba3 d5 15.
Nd6 Rd8 16. cxd5 cxd5 17. Nf3 Ne8 18. Nxc8 Raxc8 19. Nd2 Ne6 20. Rc1 N8c7 21.
Bb2 Na6 22. Rxc8 Rxc8 23. Qb3 Rb8 24. Qc2 Nb4 25. Qb1 Nc6 26. Qa1 Ned4 27. Bxd4
Nxd4 28. e3 Ne6 29. Rc1 a5 30. Qc3 a4 31. Qc2 Bf8 32. h4 Nc5 33. d4 exd4
1/2-1/2